Mission and Evangelism (Record no. 9122)

MARC details
000 -LEADER
fixed length control field 00615nam a2200241 a 4500
020 ## - INTERNATIONAL STANDARD BOOK NUMBER
ISBN
082 00 - DEWEY DECIMAL CLASSIFICATION NUMBER
Classification number 270.82
Author Cutter STR
100 ## - MAIN ENTRY--AUTHOR NAME
Author name Stromberg, Jean
245 ## - TITLE STATEMENT
Title Mission and Evangelism
Sub title an Ecumenical Affirmation
260 ## - PUBLICATION, DISTRIBUTION, ETC. (IMPRINT)
Place of publication Geneva
Name of publisher World Council of Churches
Year of publication 1983
300 ## - PHYSICAL DESCRIPTION
Number of Pages 84p
500 ## - GENERAL NOTE
General note includes index and biblioraphy
505 2# - FORMATTED CONTENTS NOTE
Formatted contents note Index, Bibliography
650 ## - SUBJECT ADDED ENTRY--TOPICAL TERM
Topical Term Ecumenicalism
942 ## - ADDED ENTRY ELEMENTS (KOHA)
Koha item type Books
700 1# -
-- Stromberg, Jean
Holdings
Collection code Home library Current library Date acquired Cost, normal purchase price Full call number Accession Number Koha item type
  Henry Martyn Institute Library Henry Martyn Institute Library 07/18/2007 100.00 270.82 STR 011167 Books
                   Copyright © 2026 | Henry Martyn Institute | Hyderabad | TS-500052 | INDIA | Implemented by hmi.edu.in
Hit-Count:

Powered by Koha